|
|
|
|
| LEADER |
00000nam0a2200000 4500 |
| 001 |
370414 |
| 005 |
20231102012258.0 |
| 035 |
|
|
|a (RuTPU)RU\TPU\retro\27823
|
| 090 |
|
|
|a 370414
|
| 100 |
|
|
|a 20220628d1978 km y0rusy50 ca
|
| 101 |
0 |
|
|a rus
|
| 102 |
|
|
|a RU
|
| 105 |
|
|
|a a z 001zy
|
| 200 |
1 |
|
|a Исследования горного давления с применением фотоупругих элементов
|f Г. А. Катков
|g Академия наук СССР, Институт горного дела им. А. А. Скочинского
|
| 210 |
|
|
|a Москва
|c Наука
|d 1978
|
| 215 |
|
|
|a 132 с.
|c ил.
|
| 320 |
|
|
|a Библиогр.: с. 126-129
|
| 606 |
1 |
|
|a Горное давление
|x Исследование
|x Измерение
|x Определение
|2 stltpush
|3 (RuTPU)RU\TPU\subj\7554
|9 35165
|
| 610 |
1 |
|
|a фотоупругость
|
| 610 |
1 |
|
|a фотоупругие датчики
|
| 610 |
1 |
|
|a напряжения
|
| 610 |
1 |
|
|a деформации
|
| 610 |
1 |
|
|a массивы горных пород
|
| 610 |
1 |
|
|a точность
|
| 610 |
1 |
|
|a анализ
|
| 610 |
1 |
|
|a надежность
|
| 610 |
1 |
|
|a крепи
|
| 610 |
1 |
|
|a перемещения
|
| 610 |
1 |
|
|a подготовительные выработки
|
| 610 |
1 |
|
|a очистные выработки
|
| 675 |
|
|
|a 622.831.1
|v 4
|
| 700 |
|
1 |
|a Катков
|b Г. А.
|g Геннадий Алексеевич
|
| 712 |
0 |
2 |
|a Академия наук СССР
|b Институт горного дела им. А. А. Скочинского
|c (Люберцы)
|2 stltpush
|3 (RuTPU)RU\TPU\col\11351
|9 25056
|
| 801 |
|
1 |
|a RU
|b 63413507
|c 20220628
|
| 942 |
|
|
|c BK
|